| 000 | 00511nam a22001697a 4500 | ||
|---|---|---|---|
| 999 |
_c8501 _d8501 |
||
| 008 | 201126b ||||| |||| 00| 0 eng d | ||
| 040 | _aBMS College of Architecture | ||
| 100 | _aDevaraj, Suraj | ||
| 245 | _aThe astronomer's Retreat Coorg | ||
| 300 | _a46p. | ||
| 500 | _a1BM13AT070 | ||
| 502 |
_8B,Arch _NBMS College of Architecture, Visvesvaraya Technological University (VTU) _aProject report _d2018 |
||
| 650 | _aNA | ||
| 700 |
_aAditya Kiran T _eGuide |
||
| 700 |
_aPrathima N _eGuide |
||
| 942 |
_2ddc _cTHE |
||